[Event "Zuoz Engiadina op 24th"]
[Site "Zuoz"]
[Date "2017.10.14"]
[Round "7"]
[White "Fenner, Donat"]
[Black "Scheidegger, Urs"]
[Result "1/2-1/2"]
[WhiteElo "1698"]
[BlackElo "1757"]
[PlyCount "67"]
[EventDate "2017.10.07"]
[EventType "swiss"]
[EventRounds "7"]
[EventCountry "SUI"]
[SourceTitle "CBM 181 Extra"]
[Source "ChessBase"]
[SourceDate "2017.12.12"]
[SourceVersion "1"]
[SourceVersionDate "2017.12.12"]
[SourceQuality "1"]

1. f4 d5 2. Nf3 c5 3. e3 Nf6 4. b3 Nc6 5. Bb5 a6 6. Bxc6+ bxc6 7. Bb2 Bg4 8. 0-0 e6 9. d3 Be7 10. h3 Bxf3 11. Qxf3 0-0 12. Nd2 a5 13. g4 Nd7 14. a4 Bf6 15. Bxf6 Qxf6 16. g5 Qc3 17. Qd1 f5 18. Rc1 Qb4 19. Qe1 Ra7 20. h4 h5 21. gxh6 Nf6 22. Kh1 gxh6 23. Rg1+ Ng4 24. Nf3 Qxe1 25. Rcxe1 Rg7 26. Re2 Kh7 27. Nh2 Rfg8 28. Reg2 Nxh2 29. Kxh2 Rg4 30. Kh3 h5 31. Rxg4 fxg4+ 32. Kg3 Kg6 33. e4 d4 34. e5 1/2-1/2

[Event "Zuoz Engiadina op 24th"]
[Site "Zuoz"]
[Date "2017.10.12"]
[Round "5"]
[White "Kube, Hannelore"]
[Black "Scheidegger, Urs"]
[Result "1-0"]
[WhiteElo "1925"]
[BlackElo "1757"]
[PlyCount "57"]
[EventDate "2017.10.07"]
[EventType "swiss"]
[EventRounds "7"]
[EventCountry "SUI"]
[SourceTitle "CBM 181 Extra"]
[Source "ChessBase"]
[SourceDate "2017.12.12"]
[SourceVersion "1"]
[SourceVersionDate "2017.12.12"]
[SourceQuality "1"]

1. c4 Nf6 2. Nc3 c5 3. g3 Nc6 4. Bg2 g6 5. e4 Bg7 6. d3 0-0 7. Nge2 d6 8. 0-0 e5 9. h3 h6 10. Be3 Nd4 11. Qd2 Bxh3 12. Bxh6 Bxg2 13. Kxg2 Ng4 14. Bxg7 Kxg7 15. f3 Nh6 16. Rh1 Rh8 17. Nxd4 cxd4 18. Nd5 f6 19. Rh2 g5 20. Rah1 Nf7 21. Rxh8 Nxh8 22. f4 Nf7 23. Qf2 exf4 24. gxf4 Qd7 25. Rh7+ Kf8 26. Nxf6 Qe6 27. fxg5 Nxg5 28. Nh5+ Kg8 29. Rg7+ 1-0

[Event "Zuoz Engiadina op 24th"]
[Site "Zuoz"]
[Date "2017.10.09"]
[Round "3"]
[White "Sprenger, Paul"]
[Black "Scheidegger, Urs"]
[Result "0-1"]
[WhiteElo "1629"]
[BlackElo "1757"]
[PlyCount "78"]
[EventDate "2017.10.07"]
[EventType "swiss"]
[EventRounds "7"]
[EventCountry "SUI"]
[SourceTitle "CBM 181 Extra"]
[Source "ChessBase"]
[SourceDate "2017.12.12"]
[SourceVersion "1"]
[SourceVersionDate "2017.12.12"]
[SourceQuality "1"]

1. d4 Nf6 2. c4 e5 3. dxe5 Ng4 4. Nf3 Nc6 5. Bf4 Bb4+ 6. Nc3 Bxc3+ 7. bxc3 Qe7 8. Qd5 f6 9. exf6 Nxf6 10. Qd2 0-0 11. Bxc7 Ne4 12. Qe3 Re8 13. Bg3 d6 14. Rd1 Bf5 15. Bxd6 Qf6 16. Nd4 Nxd6 17. Qf4 Re4 18. Qc1 Nxd4 19. cxd4 Rxd4 20. Rxd4 Qxd4 21. e3 Qc5 22. Be2 Qb4+ 23. Qd2 Qxd2+ 24. Kxd2 Ne4+ 25. Kc1 Rd8 26. f3 Nc3 27. Re1 Nxa2+ 28. Kb2 Nb4 29. e4 Be6 30. Kc3 a5 31. c5 Na2+ 32. Kc2 Rd4 33. Kb2 Rd2+ 34. Kb1 Rxe2 35. Rxe2 Nc3+ 36. Kb2 Nxe2 37. Ka3 Bd7 38. g3 Nd4 39. f4 Ne6 0-1

[Event "Zuerich op-B 40th"]
[Site "Zuerich"]
[Date "2016.12.27"]
[Round "3"]
[White "Scheidegger, Urs"]
[Black "Vercelli, Marco"]
[Result "1-0"]
[WhiteElo "1770"]
[BlackElo "1594"]
[PlyCount "33"]
[EventDate "2016.12.26"]
[EventType "swiss"]
[EventRounds "7"]
[EventCountry "SUI"]
[SourceTitle "EXT 2019"]
[Source "ChessBase"]
[SourceDate "2018.10.10"]
[SourceVersion "1"]
[SourceVersionDate "2018.10.10"]
[SourceQuality "1"]

1. e4 e5 2. Nf3 Nc6 3. d4 exd4 4. c3 dxc3 5. Nxc3 Bc5 6. Bc4 Nf6 7. e5 Qe7 8. 0-0 Ng4 9. Nd5 Nxf2 10. Rxf2 Bxf2+ 11. Kxf2 Qc5+ 12. Be3 Qxc4 13. Nxc7+ Kd8 14. Nxa8 b6 15. Rc1 Qb5 16. Bg5+ Ne7 17. Qc2 1-0

[Event "Zuoz Engiadina op 23rd"]
[Site "Zuoz"]
[Date "2016.10.04"]
[Round "4"]
[White "Arquint, Andri"]
[Black "Scheidegger, Urs"]
[Result "1-0"]
[WhiteElo "1986"]
[BlackElo "1773"]
[PlyCount "41"]
[EventDate "2016.10.01"]
[EventType "swiss"]
[EventRounds "7"]
[EventCountry "SUI"]
[SourceTitle "EXT 2017"]
[Source "ChessBase"]
[SourceDate "2016.10.25"]
[SourceVersion "1"]
[SourceVersionDate "2016.10.25"]
[SourceQuality "1"]

1. Nf3 Nf6 2. g3 g6 3. Bg2 Bg7 4. 0-0 0-0 5. d3 c5 6. e4 d6 7. Nc3 Nc6 8. h3 e5 9. Bg5 h6 10. Be3 Be6 11. Nh4 Nd4 12. a4 a6 13. Nd5 g5 14. Nxf6+ Bxf6 15. Nf3 Bg7 16. Ne1 Qd7 17. c3 Nb3 18. Ra3 c4 19. dxc4 Na5 20. b3 Rfd8 21. Bb6 1-0

[Event "Celerina op 10th"]
[Site "Celerina"]
[Date "2016.05.14"]
[Round "1"]
[White "Salzgeber, Frank"]
[Black "Scheidegger, Urs"]
[Result "1-0"]
[WhiteElo "2162"]
[BlackElo "1826"]
[PlyCount "95"]
[EventDate "2016.05.14"]
[EventType "swiss"]
[EventRounds "5"]
[EventCountry "SUI"]
[SourceTitle "CBM 172 Extra"]
[Source "ChessBase"]
[SourceDate "2016.06.21"]
[SourceVersion "1"]
[SourceVersionDate "2016.06.21"]
[SourceQuality "1"]

1. d4 Nf6 2. c4 e5 3. dxe5 Ng4 4. Bf4 Nc6 5. Nf3 Bb4+ 6. Nbd2 f6 7. exf6 Qxf6 8. e3 Qxb2 9. Rb1 Qxa2 10. Be2 d6 11. 0-0 0-0 12. c5 d5 13. Bxc7 Bf5 14. Ra1 Qb2 15. Bd6 Rfe8 16. Nb3 Nf6 17. Nfd4 Bg6 18. Bb5 Rec8 19. Qc1 Bc3 20. Qxb2 Bxb2 21. Ra2 Bc3 22. Nxc6 bxc6 23. Ba6 Rcb8 24. Bxb8 Rxb8 25. Nd4 Bxd4 26. exd4 Rb4 27. Rd1 Ne4 28. Raa1 Nc3 29. Rdc1 Ne4 30. f3 Nd2 31. Rd1 Rxd4 32. Kf2 Bc2 33. Re1 Nb3 34. Ra2 Rd2+ 35. Kg3 Nxc5 36. Bf1 Nb3 37. Rxa7 h5 38. Ree7 h4+ 39. Kxh4 Rd4+ 40. g4 Kh8 41. Rxg7 Nd2 42. Rgf7 Kg8 43. Bg2 Ra4 44. Rac7 Ra8 45. Rg7+ Kh8 46. Rge7 Ba4 47. g5 Bb5 48. g6 1-0

[Event "Zuerich op-B 39th"]
[Site "Zuerich"]
[Date "2015.12.28"]
[Round "4"]
[White "Scheidegger, Urs"]
[Black "Thuner, Simon"]
[Result "0-1"]
[WhiteElo "1786"]
[BlackElo "1889"]
[PlyCount "68"]
[EventDate "2015.12.26"]
[EventType "swiss"]
[EventRounds "7"]
[EventCountry "SUI"]
[SourceTitle "CBM 170 Extra"]
[Source "ChessBase"]
[SourceDate "2016.02.25"]
[SourceVersion "1"]
[SourceVersionDate "2016.02.25"]
[SourceQuality "1"]

1. e4 c6 2. d4 d5 3. Nc3 dxe4 4. Nxe4 Bf5 5. Ng3 Bg6 6. h4 h6 7. Bc4 e6 8. Nf3 Nd7 9. Bf4 Qb6 10. Bb3 Ngf6 11. Qe2 0-0-0 12. 0-0 Nd5 13. Bd2 Qc7 14. Bxd5 exd5 15. c4 dxc4 16. Qxc4 Nb6 17. Qe2 Bd6 18. Ne5 Bxe5 19. dxe5 Qd7 20. Ba5 Bd3 21. Qe3 Bxf1 22. Rxf1 Qd4 23. Bxb6 axb6 24. Qa3 Qxe5 25. Qb3 f5 26. f4 Qc5+ 27. Kh2 Rhe8 28. Qf7 Qf8 29. Qxf5+ Qxf5 30. Nxf5 Re2 31. Nxg7 Rg8 32. Nf5 Rgxg2+ 33. Kh3 h5 34. Ne3 Rgf2 0-1

[Event "Liechtenstein op 32nd"]
[Site "Triesen"]
[Date "2014.05.23"]
[Round "1"]
[White "Bezler, Rainer"]
[Black "Scheidegger, Urs"]
[Result "1-0"]
[WhiteElo "2220"]
[BlackElo "1889"]
[PlyCount "65"]
[EventDate "2014.05.23"]
[EventType "swiss"]
[EventRounds "9"]
[EventCountry "LIE"]
[SourceTitle "CBM 160 Extra"]
[Source "ChessBase"]
[SourceDate "2014.07.01"]
[SourceVersion "1"]
[SourceVersionDate "2014.07.01"]
[SourceQuality "1"]

1. d4 Nf6 2. c4 e5 3. d5 Bc5 4. Nf3 d6 5. g3 Ng4 6. e3 e4 7. Nfd2 f5 8. Be2 h5 9. Nb3 Bb4+ 10. Bd2 c5 11. dxc6 Nxc6 12. Bxb4 Nxb4 13. a3 Nc6 14. Nc3 a6 15. Nd5 h4 16. Bxg4 fxg4 17. Qc2 Bf5 18. 0-0-0 Rc8 19. Kb1 Ne5 20. Nd4 Rxc4 21. Qb3 Bc8 22. Nb6 Rc5 23. Ne6 Rb5 24. Qxb5+ axb5 25. Nxd8 Kxd8 26. Rxd6+ Kc7 27. Nxc8 Rxc8 28. Re6 Nc4 29. Rd1 hxg3 30. hxg3 Rf8 31. b3 Nxa3+ 32. Kb2 b4 33. Rd2 1-0

[Event "San Bernardino op 2nd"]
[Site "San Bernardino"]
[Date "2012.04.01"]
[Round "5"]
[White "Joksic, Sinisa"]
[Black "Scheidegger, Urs"]
[Result "1-0"]
[WhiteElo "2235"]
[BlackElo "1951"]
[PlyCount "99"]
[EventDate "2012.03.29"]
[EventType "swiss"]
[EventRounds "5"]
[EventCountry "SUI"]
[SourceTitle "CBM 147 Extra"]
[Source "ChessBase"]
[SourceDate "2012.04.24"]
[SourceVersion "1"]
[SourceVersionDate "2012.04.24"]
[SourceQuality "1"]

1. d4 Nf6 2. Nf3 g6 3. c4 c5 4. Nc3 Bg7 5. e4 cxd4 6. Nxd4 d6 7. Be2 0-0 8. 0-0 Nc6 9. Nc2 a6 10. Be3 Rb8 11. f3 b6 12. Qd2 Be6 13. Rab1 Qc7 14. b3 Rfd8 15. a4 Ne5 16. Rfc1 Qb7 17. Nb4 a5 18. Nc2 Nfd7 19. Nd4 Nc6 20. Nxc6 Qxc6 21. Nb5 Nc5 22. Bd4 f6 23. Bd3 Bf7 24. Bc2 e6 25. Qc3 Nd7 26. Rd1 e5 27. Bf2 Nc5 28. Qd2 Nb7 29. Be3 Rd7 30. Qf2 Nc5 31. Qh4 g5 32. Qg3 Rbd8 33. Rd2 h6 34. Rbd1 Bf8 35. h4 Be6 36. Nc3 Rg7 37. Kf2 Rdd7 38. hxg5 hxg5 39. Nd5 Rdf7 40. Rh1 Bxd5 41. exd5 Qd7 42. Qh2 Rh7 43. Bxh7+ Rxh7 44. Qxh7+ Qxh7 45. Rxh7 Kxh7 46. Bxc5 bxc5 47. b4 cxb4 48. c5 dxc5 49. d6 c4 50. d7 1-0

[Event "San Bernardino op 2nd"]
[Site "San Bernardino"]
[Date "2012.03.29"]
[Round "1"]
[White "Theissl Pokorna, Regina"]
[Black "Scheidegger, Urs"]
[Result "1-0"]
[WhiteElo "2367"]
[BlackElo "1951"]
[PlyCount "43"]
[EventDate "2012.03.29"]
[EventType "swiss"]
[EventRounds "5"]
[EventCountry "SUI"]
[SourceTitle "CBM 147 Extra"]
[Source "ChessBase"]
[SourceDate "2012.04.24"]
[SourceVersion "1"]
[SourceVersionDate "2012.04.24"]
[SourceQuality "1"]

1. e4 c5 2. Nf3 Nc6 3. d4 cxd4 4. Nxd4 d6 5. Nc3 Nf6 6. Bc4 g6 7. f3 Bg7 8. Be3 0-0 9. Qd2 a6 10. 0-0-0 Bd7 11. h4 Rc8 12. Bb3 Na5 13. Bh6 Nxb3+ 14. axb3 Qa5 15. Kb1 b5 16. Nd5 Qd8 17. h5 Nxd5 18. Bxg7 Kxg7 19. exd5 e5 20. dxe6 fxe6 21. hxg6 Rh8 22. Qh6+ 1-0

[Event "Schoenenwerd Weekend op"]
[Site "Schoenenwerd"]
[Date "2012.02.11"]
[Round "3"]
[White "Sutter, Dominik"]
[Black "Scheidegger, Urs"]
[Result "1-0"]
[WhiteElo "2123"]
[BlackElo "1950"]
[PlyCount "77"]
[EventDate "2012.02.10"]
[EventType "swiss"]
[EventRounds "5"]
[EventCountry "SUI"]
[SourceTitle "EXT 2022"]
[Source "ChessBase"]
[SourceDate "2021.10.06"]
[SourceVersion "1"]
[SourceVersionDate "2021.10.06"]
[SourceQuality "1"]

1. e4 Nc6 2. d4 e5 3. Nf3 exd4 4. c3 dxc3 5. Nxc3 Bb4 6. Bc4 Nf6 7. e5 Ng4 8. Bxf7+ Kxf7 9. Ng5+ Kf8 10. Qxg4 Bxc3+ 11. bxc3 Nxe5 12. Qe4 d6 13. 0-0 Qf6 14. Nxh7+ Rxh7 15. Qxh7 b6 16. Qh8+ Kf7 17. Qh5+ Kg8 18. Qg5 Be6 19. Qxf6 gxf6 20. f4 Nc4 21. f5 Bd5 22. Bf4 Re8 23. Rae1 Ne5 24. Bxe5 Rxe5 25. Rxe5 dxe5 26. Kf2 a5 27. a3 b5 28. g4 Kg7 29. h4 c6 30. Ke3 c5 31. Rd1 Bf7 32. g5 fxg5 33. hxg5 b4 34. cxb4 cxb4 35. axb4 axb4 36. Rd7 Kf8 37. g6 Ba2 38. f6 Ke8 39. f7+ 1-0

[Event "Liechtenstein op 29th"]
[Site "Triesen"]
[Date "2011.05.27"]
[Round "1"]
[White "Kelecevic, Nedeljko"]
[Black "Scheidegger, Urs"]
[Result "1-0"]
[WhiteElo "2279"]
[BlackElo "1914"]
[PlyCount "63"]
[EventDate "2011.05.27"]
[EventType "swiss"]
[EventRounds "9"]
[EventCountry "LIE"]
[SourceTitle "CBM 142 Extra"]
[Source "ChessBase"]
[SourceDate "2011.06.27"]
[SourceVersion "1"]
[SourceVersionDate "2011.06.27"]
[SourceQuality "1"]

1. d4 Nf6 2. c4 c5 3. d5 d6 4. Nc3 e5 5. e4 g6 6. g3 Bg7 7. Bg2 0-0 8. Nf3 Na6 9. 0-0 Nc7 10. Ne1 a6 11. a4 Nfe8 12. Nd3 f5 13. f4 exf4 14. Nxf4 fxe4 15. Nxe4 Bf5 16. Kh1 Bxe4 17. Bxe4 Nf6 18. Bg2 Nd7 19. Ne6 Rxf1+ 20. Qxf1 Nxe6 21. dxe6 Ne5 22. Bxb7 Rb8 23. Bd5 Qe7 24. Qe2 Rb3 25. Bf4 Kh8 26. Rf1 Qe8 27. a5 h6 28. Qc2 Rb8 29. b3 Qf8 30. Kg2 Qe8 31. Bxe5 Bxe5 32. Rf7 1-0

[Event "Zuerich op-B 33rd"]
[Site "Zuerich"]
[Date "2009.12.29"]
[Round "6"]
[White "Scheidegger, Urs"]
[Black "Zuest, Leonard"]
[Result "1-0"]
[WhiteElo "1890"]
[BlackElo "1768"]
[PlyCount "57"]
[EventDate "2009.12.26"]
[EventType "swiss"]
[EventRounds "7"]
[EventCountry "SUI"]
[SourceTitle "EXT 2019"]
[Source "ChessBase"]
[SourceDate "2018.10.10"]
[SourceVersion "1"]
[SourceVersionDate "2018.10.10"]
[SourceQuality "1"]

1. e4 e5 2. Nf3 Nc6 3. Bc4 Bc5 4. 0-0 Nf6 5. Nc3 0-0 6. d3 d6 7. h3 Be6 8. Bg5 h6 9. Bh4 g5 10. Nxg5 hxg5 11. Bxg5 Kg7 12. Nd5 Bxd5 13. exd5 Nd4 14. c3 Nf5 15. Qf3 Nh6 16. Rae1 Rh8 17. Re4 c6 18. Rh4 Rh7 19. Re1 Nhg8 20. Rxh7+ Kxh7 21. dxc6 bxc6 22. Bxf7 Qd7 23. Bxg8+ Nxg8 24. Re4 Kg7 25. Rg4 Bb6 26. Bf6+ Kh6 27. Bg5+ Kg7 28. Bd8+ Kh6 29. Qf8+ 1-0

[Event "Zuerich op-B 31st"]
[Site "Zuerich"]
[Date "2007.??.??"]
[Round "4"]
[White "Scheidegger, Urs"]
[Black "Svendsen, Hannelore"]
[Result "1-0"]
[WhiteElo "1879"]
[BlackElo "1730"]
[PlyCount "56"]
[EventDate "2007.12.26"]
[EventType "swiss"]
[EventRounds "7"]
[EventCountry "SUI"]
[SourceTitle "EXT 2019"]
[Source "ChessBase"]
[SourceDate "2018.10.10"]
[SourceVersion "1"]
[SourceVersionDate "2018.10.10"]
[SourceQuality "1"]

1. e4 c6 2. d4 d5 3. Nc3 dxe4 4. Nxe4 Bf5 5. Ng3 Bg6 6. Nf3 h6 7. Bc4 e6 8. 0-0 Nf6 9. Re1 Nd5 10. Bb3 Be7 11. c4 Nf6 12. Bd2 0-0 13. Bc3 Nbd7 14. Bc2 Bxc2 15. Qxc2 a5 16. a3 b5 17. c5 Nd5 18. Bd2 Re8 19. Qc1 Bf8 20. Re4 N7f6 21. Rh4 Ne7 22. Ne5 Qd5 23. Be3 Nf5 24. Nxf5 exf5 25. Rf4 Bxc5 26. Rxf5 Bxd4 27. Bxd4 Qxd4 28. Nf3 Rac8 1-0

[Event "Zuerich op-B 29th"]
[Site "Zuerich"]
[Date "2005.12.27"]
[Round "2"]
[White "Bosshard, Paul"]
[Black "Scheidegger, Urs"]
[Result "1-0"]
[WhiteElo "1884"]
[BlackElo "2025"]
[PlyCount "65"]
[EventDate "2005.12.26"]
[EventType "swiss"]
[EventRounds "7"]
[EventCountry "SUI"]
[SourceTitle "CBM 110 Extra"]
[Source "ChessBase"]
[SourceDate "2006.03.10"]
[SourceVersion "2"]
[SourceVersionDate "2006.03.10"]
[SourceQuality "1"]

1. d4 Nf6 2. c4 c5 3. d5 b5 4. a4 bxc4 5. Nc3 d6 6. e4 Ba6 7. f4 g6 8. Nf3 Bg7 9. Be2 0-0 10. 0-0 Nbd7 11. a5 Ne8 12. Nd2 Nc7 13. Bxc4 Rb8 14. Qe2 Qc8 15. Ra3 Rb4 16. Na2 Bxc4 17. Nxc4 Nb5 18. Nxb4 cxb4 19. Rh3 Nd4 20. Qd3 Nc5 21. Qb1 Nxe4 22. Qxe4 Qxc4 23. Re1 Rc8 24. Bd2 Qc2 25. Rd3 Qxb2 26. Qxe7 Nf5 27. Qd7 Bd4+ 28. Kf1 Rc2 29. Re8+ Kg7 30. Qd8 Rc1+ 31. Ke2 Rg1 32. Rg8+ Kh6 33. Qg5# 1-0

[Event "Davos op 3rd"]
[Site "Davos"]
[Date "2004.08.03"]
[Round "4"]
[White "Hugentobler, Patrick"]
[Black "Scheidegger, Urs"]
[Result "1-0"]
[WhiteElo "2237"]
[BlackElo "2048"]
[PlyCount "29"]
[EventDate "2004.07.31"]
[EventType "swiss"]
[EventRounds "9"]
[EventCountry "SUI"]
[SourceTitle "CBM 101 Extra"]
[Source "ChessBase"]
[SourceDate "2004.09.01"]
[SourceVersion "2"]
[SourceVersionDate "2004.09.01"]
[SourceQuality "1"]

1. e4 c5 2. Nf3 Nc6 3. d4 cxd4 4. Nxd4 d6 5. Nc3 Nf6 6. Bc4 e6 7. Bb3 a6 8. Be3 Be7 9. Qe2 0-0 10. 0-0-0 Na5 11. g4 Nxb3+ 12. axb3 Qa5 13. Kb1 b5 14. g5 Nd7 15. Nc6 1-0

[Event "Bern op"]
[Site "Bern"]
[Date "1988.??.??"]
[Round "?"]
[White "Trefzer, Erhard"]
[Black "Scheidegger, Urs"]
[Result "1-0"]
[WhiteElo "1800"]
[BlackElo "1860"]
[PlyCount "45"]
[EventDate "1988.02.??"]
[EventType "swiss"]
[EventRounds "9"]
[EventCountry "SUI"]
[SourceTitle "EXT 1997"]
[Source "ChessBase"]
[SourceDate "1996.11.15"]
[SourceVersion "1"]
[SourceVersionDate "1996.11.15"]
[SourceQuality "1"]

1. e4 e6 2. d4 d5 3. Nc3 Bb4 4. e5 c5 5. a3 Bxc3+ 6. bxc3 Qc7 7. Qg4 f5 8. Qh5+ g6 9. Qd1 Nc6 10. Nf3 Nge7 11. Be2 b6 12. a4 Na5 13. h4 Bd7 14. Bg5 c4 15. Bf6 Rg8 16. h5 Nac6 17. hxg6 Nxg6 18. Rxh7 Nce7 19. Nh4 Qc6 20. Nxg6 Nxg6 21. Bh5 Kf8 22. Qd2 f4 23. Qxf4 1-0